1465 1076 1242 1147 1978 1783 1266 1771 1493 1770 1531 1865 1604 1744 1136 1986 1380 1703 1410 1492 1175 1150 1821 1040 1040 1514 1918 1713 1815 1296 1849 1552 1344 1851 1104 1141 1618 1721 1211 1752 1572 1823 1643 1012 1992 1409 1590 1068 1215 1688 1262 1599 1120 1317 1081 1584 1334 1142 1942 1436 1463 1773 1807 1988 1761 1341 1504 1903 1260 1956 1289 1994 1946 1602 1291 1821 1885 1808 1435 1713 1470 1219 1995 1597 1342 1596 1092 1255 1726 1926 1896 1772 1339 1471 1374 1971 1238 1817 1312 BCNSPRNW ULIB Ver.6.0+V

เปลี่ยนเป็นภาษาไทย

Change to English
 แสดงรายละเอียดบรรณานุกรม
  กลับหน้าหลัก

Brief Record : Get Marc (ISO 2709) : E-mail record : QR code < ปิดหน้าต่าง
LEADER : 00000nam 2200000uu 4500
001    13399124583
003     ULIB
008    020711s2008 th a 000 0 eng d
020    9781416032434
060    WB205^bJ38P
100    Carolyn Jarvis.
245    Physical Examination & Health Assessment, 5th Edition./^cCarolyn Jarvis.
250    5th ed
260    St.Louis :^bSaunders,^c2008
300    902 pages;^b28.5 cm
650    Health Assessment
945    ^p0^l0^i16528
รายการนี้ยังไม่มีแท็ก
คุณยังไม่ได้ล็อกอิน คุณสามารถมีกิจกรรมร่วมกับเว็บไซต์ได้ แต่ต้องล็อกอินก่อน ::
  ล็อกอิน

รายการสื่อสารสนเทศ

ลำดับที่ ประเภท เลขเรียก/บาร์โค้ด สถานที่ สถานะ
1. วิทยาศาสตร์การแพทย์ และสุขภาพ
วิทยาศาสตร์การแพทย์ และสุขภาพ
WB205 J38P ฉ.1 
  Barcode: 16528
ห้องสมุดวิทยาเขตนครสวรรค์
►หนังสือทั่วไป:l:General Books
บนชั้น

BibComment


ยังไม่เคยถูกคอมเมนท์

คอมเมนท์ทรัพยากรรายการนี้
  คอมเมนท์: Physical Examinat..


 Copyright 2026. Bcnsprnw @Library